|
|
|
|
| LEADER |
01126nam a2200265 a 4500 |
| 001 |
018001388 |
| 008 |
091224s1999 enkac 001 0 eng d |
| 010 |
|
|
|a 2005211167
|
| 020 |
|
|
|a 0534553141
|
| 040 |
|
|
|a DLC
|c DLC
|d NSDP
|d DLC
|d OCoLC
|d NSDP
|d BD-DhAAL
|
| 082 |
0 |
0 |
|a 320.973
|2 20
|
| 100 |
1 |
|
|a Schmidt, Steffen W.
|
| 245 |
1 |
0 |
|a American government and politics today / Steffen W. Schmidt, Mack C. Shelley, Barbara A. Bardes.
|
| 250 |
|
|
|a 1999-2000 edition
|
| 260 |
|
|
|a Belmont, Calif. ;
|a London :
|b West/Wadworth,
|c c1999.
|
| 300 |
|
|
|a xxxv, 699 p. :
|b ill. (some col.), ports (some col) ;
|c 28 cm.
|
| 504 |
|
|
|a Includes bibliographical references and index.
|
| 541 |
1 |
|
|e 00009707
|
| 651 |
|
0 |
|a United States
|x Politics and government
|
| 650 |
|
0 |
|a Elections
|z United States
|
| 700 |
1 |
|
|a Bardes, Barbara A.
|
| 700 |
1 |
|
|a Shelley, Mack C.
|d 1950-
|
| 852 |
4 |
|
|a Ayesha Abed Library
|j General Shelf.
|
| 999 |
|
|
|c 6430
|d 6430
|
| 952 |
|
|
|0 0
|1 0
|2 ddc
|4 0
|6 320_973000000000000_SCH_1999
|7 0
|9 6498
|a BRACUL
|b BRACUL
|c GEN
|d 2009-12-27
|g 0.00
|l 0
|o 320.973 SCH
|p 3010009707
|r 2009-12-27
|t 1
|w 2009-12-27
|y BK
|x No price found in the accession register.
|